| 000 | 00939nam a2200217Ia 4500 | ||
|---|---|---|---|
| 001 | 4228 | ||
| 003 | GE_BSU | ||
| 008 | 181216s||||||||xx |||||||||||||| ||und|| | ||
| 040 | _cGE_BSU | ||
| 080 | _a66.05.001(075) | ||
| 100 | _aТоптуненко,Е.Т. | ||
| 245 | _aОсновы конструирования и расчета химических аппаратов и машин. Часть 2. Основы конструирования, расчеты на прочность узлов и деталей. Основы надежности и долговечности. | ||
| 245 | _bУчебник. | ||
| 245 | _cРед. Л.Л.Варвара. Г.М.Законъ. | ||
| 260 | _aКиев. | ||
| 260 | _bвищ. школа. | ||
| 260 | _c1974. | ||
| 300 | _a219 стр. 22 см. | ||
| 653 | _aОсновы конструирования и расчета химических аппаратов и машин. | ||
| 942 | _cBK | ||
| 999 |
_c38238 _d38238 |
||